000 00281nam a2200121Ia 4500
008 190216s9999||||xx |||||||||||||| ||und||
100 _aDr.Ramakanth Sharma
245 0 _aHindi-Banking Vividh Ayam
260 _bMedha Books
_c2010
300 _a240
650 _aHindi
942 _cBK
999 _c16792
_d16792